| 000 | 01089nam a22002417a 4500 | ||
|---|---|---|---|
| 005 | 2011080309559.0 | ||
| 010 | _aB-437520-521 | ||
| 020 |
_a818668528X _c40.00 |
||
| 020 |
_a9788186685266 _c40.00 |
||
| 035 | _aB-437520-521 | ||
| 037 | _bAllied/DE/2010/CR/0003015/31.3.11/293/24.3.11/191/31.3.11 | ||
| 082 | _aS | ||
| 100 |
_aTagore, Rabindranath _931019 |
||
| 245 |
_aPost office _cby Rabindranath Tagore; translated by Debabrata Mukhopadhyay |
||
| 260 |
_aNew Delhi _bWisdom Tree _c2009. |
||
| 270 |
_a4779/23, Ansari Road _bNew Delhi _e110002 |
||
| 300 |
_a59 p. _c18 cm (Pbk) |
||
| 700 |
_aMukhopadhyay, Debabrata _931020 |
||
| 942 |
_2ddc _cEN _hS _mTAG |
||
| 999 |
_c54771 _d54771 |
||